[Event "CUB-ch"]
[Site "Holguin"]
[Date "2002.04.16"]
[Round "14"]
[White "Vera Gonzalez Quevedo, Reynaldo"]
[Black "Quesada Perez, Yuniesky"]
[Result "1/2-1/2"]
[WhiteElo "2534"]
[BlackElo "2411"]
[Annotator "Kapengut"]
[PlyCount "110"]
[EventDate "2002.03.31"]
[EventType "tourn"]
[EventRounds "17"]
[EventCountry "CUB"]
[EventCategory "9"]
[SourceTitle "CBM 089"]
[Source "ChessBase"]
[SourceDate "2002.08.12"]
[SourceVersion "1"]
[SourceVersionDate "2002.08.12"]
[SourceQuality "1"]

1. d4 {Hecht} Nf6 2. c4 c5 3. d5 e6 4. Nc3 exd5 5. cxd5 d6 6. e4 g6 7. f3 Bg7
8. Nge2 O-O 9. Ng3 a6 10. a4 Nbd7 11. Be2 {White should not hurry to define
the location of their black square's bishop and have to move the King's knight
to square "g3" first, provoking the aggressive march of the "h" pawn h7-h5-h4
early by this manouevre.} h5 12. Bg5 Qb6 $5 {Black must play actively to
justify the brave 10...h5, so simply just finishing development is out of
question.} 13. Qd2 Nh7 (13... Qb4 $5 14. O-O Re8 15. Kh1 Nh7 {[%csl Rg3]} 16.
Bh4 {It is stronger} Qd4 $5 (16... c4 17. f4 Nc5 18. Rad1 Bd7 19. e5 $5 dxe5
20. f5 $5 e4 $5 21. d6 e3 22. Qd5 Bc6 {[%csl Gd6,Re8,Gf5,Rg8] [#]White create
a magnificent sacrifice of Q as a bolt from the blue!} 23. fxg6 $1 Bxd5 24.
Nxd5 Qxb2 25. Ne7+ Kh8 26. gxf7 Bf6 $1 (26... Nf8 $2 27. Rf5 $1 Be5 28. Rxh5+
Nh7 29. Rxe5 Qxe5 30. fxe8=Q+ Rxe8 31. Ng6+ {1-0 Rustemov,A-Isupov,V/Ch Russia
club 1 liga Orel 1997}) 27. fxe8=Q+ Rxe8 28. Bxc4 $1 (28. d7 Rd8 29. Ng6+ Kg7
30. Bxh5 Bxh4 31. Nf5+ Kg8 $11) 28... b5 $1 (28... Bxh4 29. Ng6+ Kg7 30. d7
Nxd7 31. Rxd7+ Kh6 32. Nxh4 e2 33. Rd6+ $18) (28... Nd7 29. Ng6+ Kg7 30. Nf4 $1
Bxh4 31. Nf5+ Kf6 32. Nxh4 Kg5 33. Nh3+ $18) 29. axb5 axb5 30. Bxb5 (30. Bf7 e2
31. Ng6+ Kg7 32. Bxe8 exd1=Q 33. Rxd1 Bxh4 34. Nxh4 Nf6 $13) 30... Qxb5 31.
Bxf6+ Nxf6 32. Rxf6 Nd3 $1 33. h3 (33. Ngf5 $140 Nf2+ 34. Kg1 Ng4 $1) (33. Rdf1
Nf2+ 34. Kg1 e2 35. Nxe2 Ng4 36. R6f5 Qxe2 37. d7 Rd8 38. Rf8+ Rxf8 39. Rxf8+
Kg7 40. Nf5+ $11) 33... Nf2+ 34. Kg1 Kg7 (34... Nxd1 $140 35. Ngf5 $18) 35. Rf5
$1 $16) 17. Qc2 (17. Qxd4 $140 $4 cxd4 18. Na2 g5 $19 {[%csl Rh4]}) 17... Rb8 (
17... Bh6 18. f4 Qh8 $14) 18. f4 Ndf6 19. h3 Bd7 $132) 14. a5 (14. Be3 h4 15.
Nf1 f5 16. exf5 Rxf5 (16... gxf5 17. a5 Qb4 18. Bf4 Ne5 (18... c4 $6 19. Ra4
Bxc3 20. Rxb4 $16) 19. Ra4 Nd3+ (19... Nxf3+ $2 20. gxf3 Bxc3 21. Qxc3 $18) 20.
Qxd3 Bxc3+ 21. Qxc3 Qxa4 22. Bxd6 Re8 23. Bxc5 Bd7 $44) 17. Bd3 Ne5 $5 (17...
Rf8 18. f4 Qb4 19. Bxg6 Nb6 20. Qc2 Nf6 21. a5 $16 {[%csl Rb4] /\Ra4}) 18. Bxf5
Bxf5 19. Ne4 Nf6 (19... h3 $5 20. Kf2 Rf8 21. a5 Qxb2 $1 22. Qxb2 Nd3+ 23. Kg1
Bxb2 24. Rb1 Bxe4 25. fxe4 c4 $17) 20. a5 Qc7 21. Ra4 $6 (21. Nxf6+ Bxf6 22.
Kf2 Nd3+ 23. Kg1 Re8 24. g4 hxg3 25. hxg3 Nxb2 $36) 21... c4 22. Nxf6+ Bxf6 23.
Bb6 $6 (23. Kf2 $15) 23... Qd7 24. Ra3 Nd3+ $17 {Reilly,T-Ahamed,H/Udaipur IND
2000}) 14... Qc7 15. Bh6 b5 (15... h4 $6 16. Bxg7 Kxg7 17. Nf1 f5 18. exf5 gxf5
19. Qf4 $16) 16. axb6 Qxb6 17. Bxg7 Kxg7 18. O-O Rb8 (18... h4 19. Nh1 Rb8 20.
Na4 Qb4 21. Qf4 Qd4+ 22. Nf2 Qf6 23. Qd2 Rb4 24. Kh1 Nb6 25. Nc3 h3 26. g3 $6
Nc4 27. Qc1 (27. Bxc4 $140 $4 Qxf3+ $19) 27... Nxb2 $17 {Baron Isanta,
J-Cifuentes Parada,R/Manresa Terres Catalanes 1996/CBM 56}) 19. Nd1 Re8 20. Rf2
$6 (20. Ne3 $5 h4 (20... Qxb2 $140 $6 21. Qxb2+ Rxb2 22. Nc4 $16 {[%csl Rb2,
Rc8,Rd6,Re8]}) 21. Nc4 Qd8 (21... Qc7 22. Qf4 $1 Ne5 (22... hxg3 $140 $2 23.
Nxd6 Rf8 24. Nf5+ $18) 23. Qxh4 Nxc4 24. Bxc4 Rxb2 25. Bxa6 c4 {[%csl Ra6] /
\Qb6+} 26. Bxc8 Rxc8 $14) 22. Nh1 Qf6 23. Nf2 (23. Qa5 $6 h3 24. Qc7 hxg2 25.
Kxg2 Nb6 $1 26. Nxb6 Qxb2 27. Nxc8 Rbxc8 28. Qxd6 Qxe2+ 29. Nf2 c4 $44 {/+/=})
23... Ne5 24. Nxe5 Qxe5 25. Rfb1 Rb6 (25... Rb4 26. Bxa6 Bxa6 27. Rxa6 Reb8 28.
Ng4 $1 $16) 26. f4 Qf6 27. Ra4 g5 28. f5 $14) 20... Ne5 (20... h4 $5 21. Qc3+
Nhf6 22. Nf1 Ne5 23. Nd2 h3 $132) 21. f4 h4 22. Nh5+ $5 $36 gxh5 23. fxe5 Rxe5
24. Qf4 {[%csl Rf7]} Qa7 25. Ne3 Qe7 26. Nc4 $5 Rxe4 27. Qxf7+ Qxf7 28. Rxf7+
Kxf7 29. Nxd6+ Kg6 {[%csl Rh5]} 30. Nxe4 Rxb2 31. Bd3 (31. Bxa6 Bxa6 32. Rxa6+
Kf5 33. Nxc5 Nf6 34. d6 Rd2 35. Kf1 Ke5 $11) 31... Kg7 32. Nd6 Bd7 $2 (32...
Bb7 $1 {[%csl Rd5]} 33. Nxb7 (33. Bxh7 Kxh7 34. Rd1 h3 $1 $15) 33... Rxb7 34.
Ra5 (34. Rxa6 Nf6 35. d6 Rb4 36. Kf1 Rd4 $11) 34... Nf6 35. Rxc5 Rd7 36. Bc4
Ne4 37. Ra5 Rc7 38. Ra4 Nc3 39. d6 Rd7 40. Rxa6 Ne4 $11) 33. Re1 $1 Nf8 34.
Re7+ Kh6 35. Rf7 Rb8 36. Bxa6 Rb6 37. Rf6+ Kh7 38. Bd3+ Kg8 39. Ne4 Rxf6 40.
Nxf6+ Kf7 41. Nxh5 (41. Ne4 Ke7 42. Kf2 h3 $1 {[%csl Rh2]} 43. g3 Bg4 44. Bc4
Nd7 45. d6+ Kd8 46. Bf1 Bf5 47. Ke3 Bxe4 48. Kxe4 Nf6+ 49. Kf5 Ng4 50. Bxh3 $14
) 41... Ng6 42. Kf2 Ne5 43. Be2 Kg6 44. Ke3 Kf5 45. g3 (45. h3 Kg5 46. Ke4 Nf7
$11) 45... hxg3 46. Nxg3+ Kg6 47. Ne4 c4 48. Kd4 Kf5 49. Nd6+ Kf4 50. Nxc4 Nxc4
51. Bxc4 {Hecht: 'gleichfarbige Läufer mit dem schlechten Randbauer. Weiß muss
gewinnen, wenn er seinen d-Bauern nach d6 und den König via c5 nach c7
transportiert. '} Kf5 52. Ba6 {'?!' Hecht.} (52. d6 Kf6 53. Kd5 (53. Kc5 {Hecht
} Ke5 54. Bd5 (54. h4 $144 {Hecht}) 54... Bh3 (54... Bc8 {Hecht} 55. Kc6 Bb7+
56. Kc7 Bc8 57. Bc6 Ke6 58. h4 $18) 55. Kc6 Kf6 56. Kc7 Ke5 57. Bc6 Kf6 58. Bd7
Bf1 59. Bc8 Bb5 60. Bb7 Ke5 61. Bc6 $18 {, um das allgemeine Vorgehen an einem
praktischen Beispiel zu skizzieren.}) 53... Kf5 54. Be2 Kf6 55. Bf1 Kg5 56. Ke5
Kg6 57. Bc4 Kg7 58. Be6 Bc6 59. Bf5 Kf7 60. Bg4 $18) 52... Kf6 53. Bb7 (53. Kc5
Ke7 54. Bb5 Bh3 55. d6+ Kd8 56. Kd5 $18 {[%cal Gd5e5,Ge5f6,Gf6g7,Gh2h4,Gh4h5,
Gh5h6]}) 53... Bh3 54. Bc6 $4 {'?' Hecht.} (54. d6 $18) 54... Bg2 {Hecht:
'Besiegelt sofort das Remis, weil d6 nicht möglich ist.'} 55. Kc5 Bxd5 1/2-1/2

[Event "Moscow Aeroflot op"]
[Site "Moscow"]
[Date "2002.02.08"]
[Round "6"]
[White "Galliamova, Alisa"]
[Black "Zulfugarli, Magomed"]
[Result "0-1"]
[WhiteElo "2514"]
[BlackElo "2430"]
[Annotator "Kapengut"]
[PlyCount "70"]
[EventDate "2002.02.04"]
[EventType "swiss"]
[EventRounds "9"]
[EventCountry "RUS"]
[SourceTitle "CBM 088"]
[Source "ChessBase"]
[SourceDate "2002.03.21"]
[SourceVersion "1"]
[SourceVersionDate "2002.03.21"]
[SourceQuality "1"]

1. d4 Nf6 2. c4 g6 3. Nc3 Bg7 4. e4 d6 5. f3 O-O 6. Nge2 c5 7. Be3 Nc6 8. d5
Ne5 9. Ng3 e6 10. Be2 exd5 11. cxd5 h5 12. O-O Nh7 13. Nh1 $6 $146 {[%cal
Gh1f2] this is a new move in this wellknown position.Usually you can meet this
manoeuvre after inclusion a7-a6 and a2-a4.} (13. a4) (13. Qd2) 13... f5 14. Qd2
fxe4 $5 (14... g5 $6 15. exf5 Bxf5 16. Ng3 Bg6 17. Nge4 Nf7 $14) (14... Qf6 $6
{This plan, traditional for similar positions, in this situation works poorly.}
15. f4 $5 {Would rather} Nf7 (15... Nd7 $6 {[%csl Rh5]} 16. exf5 gxf5 17. Bxh5
$16) (15... Ng4 $6 {[%csl Rc5]} 16. Bxg4 hxg4 17. e5 $5 dxe5 18. Bxc5 exf4 $5 {
Sacrifice of the rook for the bishop was the best practical chance in the
worse position.} (18... Rd8 $140 $6 19. fxe5 Qxe5 20. Rad1 b6 21. Rfe1 Qc7 22.
Be7 $16) 19. Bxf8 Qb6+ 20. Nf2 (20. Rf2 $6 Bxf8 21. Na4 Qe3 22. Re1 Qxd2 23.
Rxd2 b5 24. Nc3 b4 $44) 20... Nxf8 (20... Bxf8 $6 21. Qxf4 Bd6 22. Qh6 $18) 21.
Kh1 g5 22. Nd3 g3 23. h3 Bd7 24. Qe2 Re8 25. Qh5 $16) 16. e5 dxe5 17. Bxc5 Rd8
18. fxe5 Nxe5 19. Rad1 b6 20. Ba3 Bb7 $14) ({Most essentially} 14... h4 $5 {
Black withdrew a pawn from under the future impact and in passing took under
control the square g3.} 15. f4 Nf7 16. Nf2 Re8 17. Bd3 Nf6 18. exf5 Bxf5 19.
Bxf5 gxf5 20. Rae1 Qd7 21. Qd3 Rac8 22. Bd2 b5 $5 23. Rxe8+ Nxe8 $132) 15. Nxe4
{Black use an absence of a white pawn on a4 and conducts} b5 $5 {without any
preparation.} 16. Bh6 ({Dangerously for White} 16. Bxb5 $6 Rb8 17. Qe2 a6 18.
Bxa6 Rxb2 $1 19. Bd2 Bxa6 20. Qxa6 Nxf3+ $1 $40) 16... Qb6 17. Bxg7 Kxg7 18.
Nhf2 c4 (18... Bf5 19. f4 $14) 19. Kh1 Rb8 (19... Bf5 20. f4 Nd7 21. Rae1 Rae8
22. Bf3 Nc5 23. Qd4+ {[%csl Rg7]} (23. Nxc5 Qxc5 24. Rxe8 Rxe8 25. Re1 Rxe1+
26. Qxe1 Qd4 $15) 23... Kh6 24. Nxc5 dxc5 25. Qc3 Nf6 26. Re5 Nd7 27. Rxe8 Rxe8
$11) 20. f4 Nd7 21. Rae1 $6 {A little passively.} ({White could take advantage
of a weak situation of the black king and tried to play on both flanks} 21. a4
$5 {for example} bxa4 22. Ra2 Ndf6 23. Bxc4 Bd7 24. Nc3 Qb4 25. Be2 Rbe8 26.
Bd1 Bb5 27. Rg1 Rf7 $14) 21... Ndf6 22. Bd1 Bf5 23. Ng5 Rbe8 24. h3 ({White
have not time to seize the important square e6.} 24. Ne6+ $6 Bxe6 25. Rxe6 Rxe6
26. dxe6 d5 27. Re1 Re8 $15) 24... Nxg5 25. fxg5 Nd7 26. Rxe8 Rxe8 27. Bc2 Qe3
$1 $17 {Black finally get the initiative.} 28. Qd1 Bxc2 29. Qxc2 Qe2 30. Qc3+
Ne5 31. Kg1 Rf8 32. Qa5 $2 {[%csl Rf1,Rf2,Rg1]} (32. Qd4 a5 $17) 32... Rf7 ({
At once won} 32... Nd3 $19) 33. Qxb5 Qe3 34. Qb4 Nd3 35. Qxd6 Nxf2 0-1

[Event "Moscow Aeroflot op"]
[Site "Moscow"]
[Date "2002.02.05"]
[Round "1"]
[White "Poluljahov, Aleksandr"]
[Black "Guseinov, Gadir"]
[Result "1/2-1/2"]
[WhiteElo "2527"]
[BlackElo "2527"]
[Annotator "Kapengut"]
[PlyCount "51"]
[EventDate "2002.02.04"]
[EventType "swiss"]
[EventRounds "9"]
[EventCountry "RUS"]
[SourceTitle "CBM 088"]
[Source "ChessBase"]
[SourceDate "2002.03.21"]
[SourceVersion "1"]
[SourceVersionDate "2002.03.21"]
[SourceQuality "1"]

1. d4 Nf6 2. c4 g6 3. Nc3 Bg7 4. e4 d6 5. Nge2 O-O 6. Ng3 c5 7. d5 e6 8. Be2
exd5 9. cxd5 Na6 10. O-O Nc7 11. a4 Re8 12. Bg5 h6 13. Be3 a6 14. Qd2 h5 15. f3
{After the non-standard order of moves there was a position, characteristic
for the system half-Saemisch of Modern Benoni.} Bd7 ({Other possibility was
occurred in the game Yevseev,D-Arbakov,V/7th Stage Russian Cup, Togliatty RUS
2001:} 15... Rb8 16. Rab1 {[%cal Gb2b4]} b5 17. axb5 Nxb5 $5 {[%cal Gb5d4] It
is favourable for Black to get rid of Knight, which has helped to realize the
idea with b7-b5, but for a further struggle it is located unsuccessfully.} (
17... axb5 18. b4 $14) 18. Bxb5 $1 axb5 19. b4 {Better is} Nd7 $5 (19... c4 $6
{[%csl Rb5,Gc6,Gd4][%cal Gb1a1,Ga1a8]} 20. Nge2 Bd7 21. Nd4 $14 h4 22. Ra1 h3
23. g3 Ra8 (23... Rb7 24. Ra5 $16) 24. Ra2 Nh7 (24... Rxa2 25. Qxa2 Qb8 26. Qa6
$16) 25. Rfa1 Rxa2 26. Rxa2 f5 27. Ra7 Nf6 28. Nc6 $1 Bxc6 29. dxc6 fxe4 30.
fxe4 Qc8 31. Bd4 Bh8 (31... Qxc6 $140 $2 32. Rxg7+ Kxg7 33. Nd5 $18) 32. Qh6
Qg4 33. Bxf6 {1-0}) 20. Nge2 (20. bxc5 $140 Qa5 21. Nge2 b4 $132) 20... f5 21.
Rfc1 Qe7 (21... cxb4 $6 22. Rxb4 fxe4 23. Nxe4 Nf6 24. Nd4 $16) 22. Bg5 Qf7 23.
Bf4 Ne5 24. bxc5 b4 25. Na4 fxe4 26. fxe4 Ba6 $44) 16. Rab1 b5 17. axb5 Bxb5 $1
18. b4 (18. Bxb5 $140 $6 Nxb5 19. Nxb5 axb5 20. b4 c4 21. Ne2 Ra3 $132) 18...
h4 19. Bxb5 Nxb5 20. Nge2 Na3 {[#]} {White have to sacrifice by Rook for
Knight, but the powerful centre gives them sufficient compensation.} 21. bxc5
$5 (21. Rb3 $6 Nc4 22. Qd3 Nxe3 23. Qxe3 Nd7 24. Rfb1 f5 $36) 21... Nxb1 22.
Rxb1 dxc5 23. Bxc5 $44 Nd7 24. Bf2 h3 $1 {Black have time to damage pawn's
covering of the White King.} 25. f4 (25. Nd4 $6 hxg2 26. Kxg2 Ne5 27. f4 Bh6 $1
28. Bg3 Rc8 $15 {[%csl Rc3,Rf4,Rg2]}) 25... hxg2 26. Nd4 (26. Nd4 {I think,
that Black prematurely have agreed with a draw, becouse of} Rc8 27. Nc6 Bxc3
28. Qxc3 Rxe4 $17) 1/2-1/2

[Event "Carlos Torre Wimbledon 17th"]
[Site "Merida"]
[Date "2004.12.17"]
[Round "1.2"]
[White "Graf, Alexander"]
[Black "Martin Del Campo C, Roberto"]
[Result "1/2-1/2"]
[WhiteElo "2646"]
[BlackElo "2404"]
[Annotator "Kapengut"]
[PlyCount "95"]
[EventDate "2004.12.13"]
[EventType "k.o."]
[EventRounds "4"]
[EventCountry "MEX"]
[SourceTitle "CBM 105"]
[Source "ChessBase"]
[SourceDate "2005.04.11"]
[SourceVersion "1"]
[SourceVersionDate "2005.04.11"]
[SourceQuality "1"]

1. d4 Nf6 2. c4 g6 3. Nc3 Bg7 4. e4 d6 5. f3 O-O 6. Be3 Nbd7 7. Nge2 c5 8. d5
Ne5 9. Ng3 e6 10. Be2 exd5 11. cxd5 a6 12. a4 h5 13. Nf1 (13. O-O {The basic
position of this system has arisen after} Nh7 14. Qd2 h4 15. Nh1 f5 16. Nf2)
13... Nh7 14. h3 {Usually Black prefers to play this position within a
different move order without Ne5.} h4 $6 $146 (14... f5 $5 15. f4 Nf7 16. exf5
gxf5 {[%csl Rh5]} ({In this critical position, in my mind, Black should try to
use his advantage in development and the unsafe situation of the white king.} 
16... Bxf5 $5 {[%cal Ge8e1,Gg7b2,Gf5b1]} 17. g4 Bxc3+ $5 {[%cal Gf5e4,Gd8h4]}
18. bxc3 Be4 19. Rg1 (19. Rh2 h4 (19... Qh4+ $13) 20. Bd3 Re8 21. Qc2 Nf6 22.
Bxe4 Nxe4 $40) 19... Qh4+ 20. Rg3 (20. Bf2 Qxh3 21. gxh5 Qxc3+ 22. Nd2 Rae8
$132) 20... Nfg5 $5 {[%csl Rf1]} 21. gxh5 Rae8 22. Kd2 Rxf4 $5 $44) 17. Bxh5
Re8 $5 $146 {[%cal Ge8e2]} (17... Bd7 18. g4 Qb6 19. Qc2 Qb4 {An attempt to
create some traps for the opponent resulting in a sharp position.} 20. g5 $5 (
20. Kd1 $6 Rae8 21. Bd2 Nf6 22. Ng3 Qd4 23. gxf5 Nxh5 24. Nxh5 Nh6 25. Nxg7
Kxg7 26. Ne2 Qxd5 27. Rg1+ Kf7 28. f6 Nf5 29. Nc3 Qd4 30. Rg3 c4 31. Ra3 Rg8
32. Ne2 Rxg3 $1 33. Nxd4 Rg1+ 34. Be1 {Balashov,Y-Iskusnyh,S/Smolensk RUS 2000}
{And now black could save an advantage after} Rexe1+ 35. Kd2 Rd1+ 36. Qxd1
Rxd1+ 37. Kxd1 Nxd4 $17 {[%csl Ra4,Rb2,Gc4,Rf4,Rf6,Rh3]}) 20... Nfxg5 $1 21.
Rg1 (21. fxg5 $140 $2 Qh4+) 21... Be8 (21... Nxh3 $140 $6 22. Rxg7+ Kxg7 23.
Qg2+ Kh8 24. Qxh3 Qxb2 25. Rc1 $16) 22. Bd1 (22. Bxe8 $2 Nf3+) 22... Ne4 23.
Nd2 Nhf6 24. Bf3 Rf7 $132) 18. Kf2 Bd7 (18... b5 $6 19. axb5 Rb8 20. bxa6 $1
Rxb2+ 21. Ne2 Qh4+ 22. Nfg3 Nf6 23. Bf3 $1 $16) 19. g4 {Most essentially} Qh4+
$5 (19... fxg4 $6 20. hxg4 Nf6 21. g5 $16 {Bu Xiangzhi-Smirnov,P/Shanghai 2001}
) 20. Kg2 b5 21. Bf2 Qe7 22. g5 Nhxg5 $5 23. fxg5 b4 24. g6 Ng5 25. Ne2 Qe4+
26. Kg1 (26. Kh2 $2 Nf3+ $19) 26... f4 27. Nd2 Qe5 28. Nc4 $140 $6 Nxh3+ $1 29.
Rxh3 Qg5+ $36) (14... Qh4+ 15. Bf2 Qg5 16. g3 Qe7 17. Ne3 Rb8 18. f4 Nd7 19. e5
$5 dxe5 20. d6 Qd8 21. f5 Ndf6 22. fxg6 fxg6 23. Qc2 e4 $5 (23... Qxd6 24. Bc4+
Kh8 25. Qxg6 b5 $2 (25... Qc6 26. Rh2 e4 27. O-O-O Bd7 28. a5 b5 $17) 26. axb5
axb5 27. Ra7 Ne8 28. Rxg7 $1 Qxg6 29. Rxg6 bxc4 30. Nxc4 $14 {Lastin,A-Nataf,I/
Budva SCG 2004}) 24. Rd1 Ng5 25. g4 (25. h4 Ne6 26. Nc4 Nd4 27. Bxd4 cxd4 28.
Rxd4 b5 $5 $36) 25... b6 26. Bg3 Qe8 27. O-O Bd7 28. Kg2 Ne6 29. Bxa6 Nd4 $15)
15. f4 Nd7 16. Nd2 Qe7 17. Nc4 Rb8 (17... Bxc3+ $6 18. bxc3 Qxe4 19. O-O Nhf6
20. Bf2 (20. Re1 $6 Nxd5 21. Bd2 N7f6 22. Nxd6 Qe6 23. Nc4 Ne4 24. Bd3 f5 $44)
20... Nxd5 (20... Re8 21. Nxd6 (21. Ra2 Qxf4 22. Rb2 b6 23. Be1 Qg5 24. Nxd6
Rf8 25. Bc4 $14) 21... Qxe2 22. Nxe8 Qxe8 23. Re1 Qf8 24. c4 $16) 21. Nxd6 Qe6
22. Bc4 $5 N7b6 23. Bxd5 (23. Bxc5 Nxc4 24. Nxc4 Re8 (24... Nxc3 25. Qd3 Qf5
$14) 25. Nd6 Ne3 26. Bxe3 Qxe3+ 27. Kh1 Rd8 28. Rf3 Qe7 29. Rd3 Bxh3 $1 $11)
23... Nxd5 24. Bxc5 Ne3 25. f5 Qe5 26. Bxe3 Qxe3+ 27. Kh1 $16) 18. Bf3 b5 (
18... f5 $5 19. O-O Bxc3 20. bxc3 fxe4 21. Bg4 Ndf6 22. Bxc8 Rbxc8 23. a5 Ne8
$5 {[%cal Ge8g7,Gg7f5]} 24. Qg4 Nhf6 $5 25. Qxg6+ (25. Qxc8 $140 $6 Ng7 26.
Nxd6 Rxc8 27. Nxc8 Qc7 28. Nb6 Nf5 $132) 25... Qg7 26. Qxg7+ Kxg7 27. Nb6 Rc7
28. f5 Nh5 29. Rae1 Ng3 30. Rf4 Nf6 31. c4 $14) 19. axb5 axb5 20. Na5 Bb7 21.
O-O b4 22. Na4 (22. Nb5 Bxb2 23. Ra2 Bg7 24. Nc4 Bxd5 25. Qxd5 Rxb5 26. Nxd6
$14) 22... g5 23. Qd2 gxf4 24. Bxf4 Ne5 25. Nb6 Ng6 (25... f5 $6 26. exf5 Rxf5
27. Be4 Rf7 28. Rae1 Ba6 29. Nc6 Nxc6 (29... Qc7 $6 30. Bxe5 Bxf1 31. Bxh7+
Kxh7 32. Bxg7 Rxg7 33. Qf4 $1 $18) 30. dxc6 Bd4+ 31. Kh2 Nf6 (31... Bxf1 32.
Bd5 $16) 32. Bd5 Nxd5 33. Nxd5 Qf8 34. Rf3 $16) 26. Nac4 (26. Nbc4 $5 Rfd8 27.
Nc6 (27. Nxb7 Rxb7 28. Ra6 Nxf4 29. Qxf4 Qg5 30. Qxg5 Nxg5 31. Rxd6 Bd4+ 32.
Kh1 Rxd6 33. Nxd6 Rd7 34. Nc4 $16) 27... Bxc6 28. dxc6 Be5 29. Bh6 Rbc8 30. Bh5
Bd4+ 31. Be3 d5 32. exd5 Rxd5 33. Bxg6 fxg6 34. Bxd4 Rxd4 35. Qh6 Qg5 36. Qxg5
Nxg5 37. Ne5 Re4 38. Rfe1 $16) 26... Rfd8 27. Ra7 Nxf4 28. Qxf4 Qg5 (28... Qf6
$6 29. Bh5 $1 {[%csl Rf7]} Qxf4 30. Rxf4 Nf6 31. Rxh4 Bh6 32. Bxf7+ Kg7 33. Na5
Bg5 34. Be6 Bxh4 35. Nxb7 $18) 29. Bg4 Qxf4 30. Rxf4 Nf8 (30... Bd4+ $6 31. Kh2
Nf8 32. Bf5 Ng6 33. Rg4 Kg7 34. Na5 $18) 31. Bf5 Bf6 (31... Ng6 32. Bxg6 fxg6
33. Rxh4 Bd4+ 34. Kh2 $16) 32. Rg4+ Kh8 33. b3 $18 Ng6 34. Bxg6 fxg6 35. Rxg6
Bd4+ 36. Kf1 Rf8+ 37. Ke2 Rf2+ 38. Kd3 Rf1 39. Nd7 Ra8 40. Rxb7 (40. Rxa8+ Bxa8
41. Nxd6 Kh7 42. Rg4 $18) 40... Raa1 41. Nxd6 $1 Rac1 $1 42. Nxc5 $2 (42. Rh6+
$1 Kg8 43. Nb5 (43. Rb8+ Kg7 44. Nf5+ Rxf5 45. exf5 Kxh6 46. f6 Rf1 47. Kc4 Rf4
48. d6 Bxf6+ 49. Kxc5 $18) 43... Rcd1+ 44. Kc4 Rc1+ 45. Nc3 $1 Rf7 (45... Rxc3+
46. Kb5 Rf7 47. Rg6+ Kh8 48. d6 c4 49. Nc5 $18) 46. Rxh4 Rxc3+ 47. Kb5 c4 48.
Rg4+ Kh8 49. e5 Bxe5 50. bxc4 b3 51. Kc6 $18) 42... Bxc5 43. Nf7+ Kh7 44. Ne5+
Kh8 45. Rh6+ (45. Ng4 $5 Rfd1+ 46. Ke2 Re1+ 47. Kf3 Rf1+ 48. Nf2 Rxf2+ 49. Kg4
Rxg2+ 50. Kh5 Rxg6 51. Kxg6 $16) 45... Kg8 46. Rg6+ Kh8 47. Rh6+ Kg8 48. Rg6+
1/2-1/2